000 004570000a22001930004500
003 LK-CoMWRAF
005 20230908235156.0
008 230817t1990 ||||| |||| 00| 0 eng d
020 _a0385264658
040 _aLK-CoMWRAF
_dLK-CoMWRAF
_eLK-CoMWRAF
041 _aeng
082 _a89273
_bMAH
100 _aMahfouz, Naguib
245 _aPalace walk
260 _aLondon :
_bTransworld,
_c1990
300 _a498p
650 _a Arabic Fiction
942 _cBK
999 _c701
_d701